000 00595nam a2200205Ia 4500
008 180523s9999 xx 000 0 und d
020 _a978-1-4221-6262-0
050 _aMAIN HD 30.28
050 _b.H37 2011
245 0 _aHarvard business review on rebuilding your business model /
260 _aBoston, MA :
260 _bHarvard Business School Press,
260 _c2011
300 _a278 pages :
300 _c21 cm.
440 _aThe The Harvard business review paperback series.
500 _aIncludes index.
650 _aBusiness planning.
650 _xStrategic planning.
999 _c356818
_d356818